Language Quiz

Random Language or Latin Quiz

Latin: Unit 17 - Forms of Mitto, Mittere Quiz Stats

 Plays Quiz not verified by Sporcle

Also try: 1920s Slang
Challenge
Share
Tweet
Embed
Score 0/20 Timer 10:00
0 Plays Today
% Correct
mittunt
95.2%
mittebas
87.1%
mittemus
79.6%
misistis
76.2%
miseram
74.8%
mittant
70.7%
miserit
69.4%
mittimur
68%
missus sum
67.3%
mittebamini
65.3%
% Correct
missae erant
61.9%
mitteret
61.9%
mittetur
61.2%
missum eris
60.5%
mittamur
58.5%
misissetis
57.8%
miseris
55.1%
mitteremur
55.1%
missi sint
53.7%
missae essetis
47.6%

You're not logged in!

Compare scores with friends on all Sporcle quizzes.
OR
Log In

You Might Also Like...

Show Comments

Extras

Curator's Pick Jan 16, 2014ReportNominate
Tags:Latin Quiz, form, person

Top Quizzes Today


Score Distribution

Your Account Isn't Verified!

In order to create a playlist on Sporcle, you need to verify the email address you used during registration. Go to your Sporcle Settings to finish the process.

Report this User

Report this user for behavior that violates our Community Guidelines.

Details: